000 00327 a2200157 4500
001 160529
020 _a
040 _cMagnum
100 _aSalle, Bruno de La
240 1 0 _aCinderela/scipione
_lpor
245 1 0 _aCinderela/scipione
362 0 _a1899
440 1 _aScipione
697 _aIJ/FADAS, FANTASIA
942 _cBK
999 _c160529
_d160529